Biblioteca

Los Reyes (Registro nro. 64346)

Detalles MARC
000 -LÍDER
Campo fijo de descripción fija 01380nam a22003134i 4500
001 - NÚMERO DE CONTROL
Campo de control 4278275
003 - IDENTIFICADOR DEL NÚMERO DE CONTROL
Campo de control CO-MdFUSB
005 - FECHA Y HORA DE LA ULTIMA TRANSACCIÓN
control field 20180809102920.0
008 - ELEMENTOS DE LONGITUD FIJA -- INFORMACIÓN GENERAL
Campo fijo de descripción fija -- Información general 850806t1969 sp b 000 0 spa
040 ## - FUENTE DE CATALOGACIÓN
Agencia de catalogación original DLC
Agencia que realiza la modificación DLC
Idioma de catalogación spa
Agencia que realiza la transcripción CO-MdFUSB
Convenciones de la descripción rda
041 ## - CÓDIGO DE IDIOMA
Código de idioma para texto/pista de sonido o título separado spa
082 00 - NÚMERO DE CLASIFICACIÓN DECIMAL DEWEY
Número de clasificación 222.507
Número de la edición del Dewey 23
Clave de autor-Numero de item EL47
100 1# - ASIENTO PRINCIPAL--NOMBRE PERSONAL
Nombre personal Ellis, Peter F., C. SS. R
Fechas asociadas con el nombre 1921-2009
Término relacionador autor
240 ## - TITULO UNIFORME
Título uniforme <a href="First Kings : Second Kings">First Kings : Second Kings</a>
245 10 - TÍTULO
Título del Material Los Reyes
Mención de responsabilidad, etc. / Peter F. Ellis, C. SS. R. ; traductor Julián B. Ruiz Rivera, S.J.
264 #1 - PRODUCCIÓN, PUBLICACIÓN, DISTRIBUCIÓN, MANUFACTURA, Y COPYRIGHT
Lugar de producción, publicación, distribución, manufactura España :
Nombre del productor, publicador, distribuidor Salterrae,
Fecha de producción, publicación, distribución, manufactura, o copyright ℗[1969]
264 #4 - PRODUCCIÓN, PUBLICACIÓN, DISTRIBUCIÓN, MANUFACTURA, Y COPYRIGHT
Fecha de producción, publicación, distribución, manufactura, o copyright ©1969
300 ## - DESCRIPCIÓN FÍSICA
Extensión 179 páginas ;
Dimensiones 17 cm.
336 ## - TIPO DE CONTENIDO
Fuente rdacontent
Término de tipo de contenido texto
Código de tipo de contenido txt
337 ## - TIPO DE MEDIO
Fuente rdamedia
Nombre del tipo de medio sin mediación
Código del tipo de medio n
338 ## - TIPO DE SOPORTE
Fuente rdacarrier
Nombre del tipo de soporte volumen
Código Tipo de soporte nc
490 ## - MENCIÓN DE SERIE
Mención de serie Conoce la biblia : Antiguo Testamento.
505 ## - NOTA DE CONTENIDO
Nota de contenido con formato preestablecido Salomón sucede a David -- El reinado de Salomón -- La división del reino -- Historia sinóptica hasta Elías -- El ciclo de Elías -- El ciclo de Elíseo -- Historia sinóptica desde Jehú hasta la caída de Samaria.
Título Introducción. --
-- Salomón y su reino. --
-- Historia sinóptica de los reyes de Israel y Judá. --
-- Los últimos reyes de Judá. --
-- Temas para repaso y discusión. --
-- Abreviaturas.
563 ## - NOTA DE ENCUADERNACIÓN
Nota de encuadernación Tapa rústica
630 07 - TITULO UNIFORME
Título uniforme Biblia.
Nombre de parte o sección de la obra Reyes
700 ## - ASIENTO SECUNDARIO - NOMBRE PERSONAL
Nombre personal Ruiz Rivera, Julián B., S.J.
Responsabilidad traductor
830 1# - PUNTO DE ACCESO ADICIONAL DE SERIE - TÍTULO UNIFORME
Título uniforme Old Testament Reading Guide
Número de parte o sección de la obra 7
942 ## - TIPO DE MATERIAL (KOHA)
Tipo de Item KOHA Libros General
Existencias
Estado de Material Estado de Perdido Forma de Clasificación Estado de Dañado No para Préstamo Colección Biblioteca de Origen Biblioteca Permanente Fecha de Adquisición Total de Préstamos Total de Renovaciones Signatura Topográfica Código de Barras Última vez visto Última vez Préstado Ejemplar/Existencia Fecha de Remplazo Tipo de Material
    Dewey Decimal Classification     Colección General Biblioteca FUSBC Biblioteca FUSBC 08/08/2018 10 8 G 222.507 EL47k 11792 04/04/2025 28/02/2025 Ej. 1 08/08/2018 Libros General

Biblioteca FUSBC | Teléfono: (57+4) 349 88 10 Ext. 141| WhatsApp (+57) 3005338115 
E-mail: biblioteca@unisbc.edu.co | Calle 76 87-14 Robledo Palenque, Medellín, Colombia

Con tecnología Koha